000 01078nam a2200301 i 4500
003 EG-GICUC
005 20260209094407.0
008 260209s1919 -usad||fr|||| 000 0 eng d
040 _aEG-GiCUC
_beng
_cEG-GiCUC
_dEG-GiCUC
_erda
041 0 _aeng
082 0 4 _221
_a341.6
_bJA . W
092 0 4 _221
099 _aLaw1 11 341.6 JA . W 1919
100 1 _aDumas , Samuel
_eAuthor.
245 1 0 _aWar And Peace :
_bThe Evils Of The First And A Plan For Preserving The Last /
_cBy William Jay; Reprinted From The Original Edition Of 1842 With An Introductory Note By James Brown Scott.
264 3 _aNew York :
_bOxford University Press
_c1919.
300 _a67pages,
_c24 cm
336 _2rda content
_atext
337 _2rda media
_aComputer
338 _2rda carrier
_aOnline Resource
504 _aIncludes bibliographical references.
546 _aText in English
650 1 4 _aPublic international law
700 1 _aScott, James Brown
_eContributor
856 4 0 _uhttps://fll.law.cu.edu.eg/fulltext/bks/B11-07347.pdf
905 _a48
942 _2ddc
_cBK
_e21
_n0
999 _c61732
_d61732